| 000 | 00511nam a22001457a 4500 | ||
|---|---|---|---|
| 005 | 20260422103818.0 | ||
| 008 | 260422b |||||||| |||| 00| 0 eng d | ||
| 050 |
_aRES HD 58.7 .A83 2015 _bC. 1 |
||
| 100 | _aATANDI, SIMON MOMANYI | ||
| 245 |
_aAN EVALUATION OF THE EFFECTS OF COMMUNICATION PRACTICES ON WOERK PERFORMANCE IN THE BANKING SECTOR _bA CASE OF KENYA COMMERCIAL BANK - KISII BRANCH |
||
| 260 |
_aKISII _bKISII _c2015 |
||
| 300 | _aXi, 34p., ILL. | ||
| 500 | _aINCLUDES REFERENCES | ||
| 942 |
_2ddc _cREF |
||
| 999 |
_c217046 _d217046 |
||